000 00506nam a2200181 i 4500
001 43128
003 ES-MaACL
005 20240421063013.0
007 t|
008 030317s1974 sp ||||1| spa d
100 1 _aCelaya, Gabriel,
_d1911-1991
_937346
245 1 0 _aCien poemas de un amor /
_cGabriel Celaya.
250 _a[1ª ed.].
260 _a[Barcelona] :
_bPlaza & Janés,
_c[1974]
300 _a175 p. ;
_c19 cm.
852 _aES-MaACL
_jE-6387
_bR.90802
999 _c43128
_d43128